| 000 | 00857nam a2200277 a 4500 | ||
|---|---|---|---|
| 001 | vtls001160361 | ||
| 003 | NLI | ||
| 005 | 20210603153632.0 | ||
| 008 | 120326s1978 ii f000 0 eng | ||
| 039 | 9 |
_a201203302159 _bVLOAD _y201203262249 _zDatasoft |
|
| 040 |
_aNLI _beng _cDatasoft_IOD_S _eAACR2 |
||
| 041 | 0 | _aeng | |
| 044 | _aii | ||
| 082 | 0 | 4 | _a331.28133211 |
| 110 | 2 | _aReserve Bank of India (Bombay) | |
| 245 | 1 | 0 |
_aRBI employee's gratuity and superammuation fun regulations, 1975 / _cBombay, reserye bank of India |
| 260 |
_aBombay : _bThe Reserye Bank, _c1978 |
||
| 300 |
_a3 p. ; _c33 cm. |
||
| 650 | 0 |
_aWages and labor productivity _zIndia _9357463 |
|
| 650 | 0 |
_aWages _xEmployees _zIndia _9567914 |
|
| 887 | _a | ||
| 901 |
_a88350 date _b12.10.1978 |
||
| 902 | _aGP 331.28133211 R 311 | ||
| 999 |
_aVIRTUA40 _c474591 _d474591 |
||
| 942 |
_2ddc _cBKS |
||